Southville International School and Colleges
Your cart is empty.
  • Cart
  • Lists
    Public lists Eva Luna New books Lux_list list_1
    Your lists Log in to create your own lists
  • Log in to your account
  • Your cookies
  • Search history
Southville International School and Colleges
  • Advanced search
  • Recent comments
  • Most popular
  • Libraries

Log in to your account

Log in with GOOGLE


If you do not have an external account, but do have a local account, you can still log in:

  1. Home
  2. MARC view: Student study guide children /
Normal view MARC view ISBD view

Student study guide children / (Record no. 10426)

[ view plain ]
MARC details
000 -LEADER
fixed length control field 00591nam a22002057a 4500
003 - CONTROL NUMBER IDENTIFIER
control field SISC
005 - DATE AND TIME OF LATEST TRANSACTION
control field 20160404101621.0
008 - FIXED-LENGTH DATA ELEMENTS--GENERAL INFORMATION
fixed length control field 130905t xxu||||| |||| 00| 0 eng d
020 ## - INTERNATIONAL STANDARD BOOK NUMBER
International Standard Book Number 0697127400
050 ## - LIBRARY OF CONGRESS CALL NUMBER
Classification number HQ 767.9
Item number .Sa237 1993
082 ## - DEWEY DECIMAL CLASSIFICATION NUMBER
Classification number HS 155.4
Item number K33 1993
100 ## - MAIN ENTRY--PERSONAL NAME
Personal name Santrock, John W.
9 (RLIN) 16677
245 ## - TITLE STATEMENT
Title Student study guide children /
Statement of responsibility, etc John W. Santrock.
250 ## - EDITION STATEMENT
Edition statement third ed.
260 ## - PUBLICATION, DISTRIBUTION, ETC. (IMPRINT)
Place of publication, distribution, etc Dubuque, Iowa :
Name of publisher, distributor, etc Brown & Benmark,
Date of publication, distribution, etc c1993.
300 ## - PHYSICAL DESCRIPTION
Extent 413 p. :
Dimensions 31 cm.
650 ## - SUBJECT ADDED ENTRY--TOPICAL TERM
Topical term or geographic name as entry element Child psychology
General subdivision Study & Teaching.
9 (RLIN) 16678
942 ## - ADDED ENTRY ELEMENTS (KOHA)
Source of classification or shelving scheme Library of Congress Classification
Koha item type Books
Holdings
Withdrawn status Lost status Source of classification or shelving scheme Damaged status Home library Current library Shelving location Date acquired Total Checkouts Full call number Barcode Date last seen Copy number Price effective from Koha item type
    Library of Congress Classification   Luxembourg Library Luxembourg Library High School Section 09/05/2013   HQ 767.9 .Sa237 1993 0286 04/04/2016 1 09/05/2013 Books

Student study guide children /

APA

Santrock J. W., . (1993). Student study guide children. Dubuque, Iowa: Brown & Benmark.

Chicago

Santrock John W, . 1993. Student study guide children. Dubuque, Iowa: Brown & Benmark.

Harvard

Santrock J. W., . (1993). Student study guide children. Dubuque, Iowa: Brown & Benmark.

MLA

Santrock John W, . Student study guide children. Dubuque, Iowa: Brown & Benmark. 1993.

  • Place hold
  • Print
  • Cite
  • Add to your cart (remove)
  • Save record
    BIBTEX Dublin Core MARCXML MARC (non-Unicode/MARC-8) MARC (Unicode/UTF-8) MARC (Unicode/UTF-8, Standard) MODS (XML) RIS
  • More searches
    Search for this title in:
    Other Libraries (WorldCat) Other Databases (Google Scholar) Online Stores (Bookfinder.com) Open Library (openlibrary.org)

Exporting to Dublin Core...

SOUTHVILLE LIBRARY

Southville International School and Colleges Library

1281 Tropical Ave. Cor. Luxembourg St., BF Homes International, Las Pinas City

Tel. No. 8256374 / 252358 Loc. 117/146

Powered by Koha